| 000 | 00597nam a2200205 a 4500 | ||
|---|---|---|---|
| 001 | 5917 | ||
| 003 | CDMR | ||
| 005 | 20131009172857.0 | ||
| 008 | 130220s2010||||||||||||||||||||||||||||d | ||
| 020 | _a9788482569178 | ||
| 040 |
_aCDMR _bcat _cCDMR |
||
| 100 | 1 |
_aTorra, Quim _92932 |
|
| 245 | 1 | 0 |
_aViatge involuntari a la Catalunya impossible _b: tres periodistes oblidats i l'espectre d'Eugeni Xammar _cQuim Torra |
| 260 |
_aBarcelona _bProa _c2010 |
||
| 300 |
_a297 p ; _c16 cm |
||
| 490 | 0 |
_aLa mirada _v80 |
|
| 600 |
_aCapdevila, LluĂs _92934 |
||
| 600 | 1 |
_aXammar, Eugeni _91340 |
|
| 942 |
_cMON _2udc |
||
| 999 |
_c5917 _d5917 |
||